Filosofi nati prima del 1300 - Statistics

Statistiche generali
  • Questo quiz è stato fatto 23 volte
  • Il punteggio medio è 15 su 34
Statistiche sulle risposte
Parola chiave anno di nascita Filosofo % Corretto
Metafisica, logica, etica -384 Aristotele
95%
Idee e dualismo -428 Platone
95%
Metodo dialogico -470 Socrate
84%
Scuola di Mileto -640 Talete
79%
Apeiron, origine indefinita -610 Anassimandro
74%
Aria principio di tutto -586 Anassimene
74%
Paradossi -489 Zenone di Elea
74%
Interiorità e fede 354 Agostino d'Ippona
68%
Atomismo -460 Democrito
68%
Essere immutabile -515 Parmenide
68%
Edonismo razionale -341 Epicuro
63%
Nous come principio ordinatore -500 Anassagora
58%
Divenire e logos -535 Eraclito
58%
Relativismo radicale, nichilismo conoscitivo -483 Gorgia
58%
Stoicismo -4 Lucio Anneo Seneca
58%
Uno e emanazione 204 Plotino
58%
Quattro elementi -494 Empedocle
47%
Sintesi fede-ragione 1225 Tommaso d'Aquino
47%
Etica e politica romana -106 Marco Tullio Cicerone
42%
Relativismo -490 Protagora
42%
Commentatore di Aristotele 1126 Averroè
37%
Metafisica islamica 980 Avicenna
32%
Etica sociale e armonia -551 Confucio
32%
Rasoio di … razionalità 1288 Guglielmo di Occam
32%
Critica radicale alla società, cinismo -412 Diogene di Sinope
21%
Dialettica scolastica 1079 Pietro Abelardo
21%
Trasmissione filosofia antica 476 Boezio
11%
Via alla liberazione dal dolore -563 Buddha
11%
Volontarismo 1266 Duns Scoto
11%
Taoismo -550 Laozi
11%
Misticismo cristiano 1217 Bonaventura da Bagnoregio
5%
Ragione e fede 1138 Maimonide
5%
Politica laica 1275 Marsilio da Padova
5%
Misticismo 1260 Meister Eckhart
5%
Nessun quiz corrispondente trovato
Distribuzione punteggi
Percentuale di utenti per punteggio
Percentile per numero di risposta
I tuoi punteggi nel tempo
Non hai fatto questo quiz